Регионална библиотека "Любен Каравелов" - Русе

Kapadokya (Запис номер 127808)

MARC детайли
000 -Лидер
Контролно поле с фиксирана дължина 01759nam a2200481 c 4500
003 - Код на организацията, давaща контролен номер
Контролно поле BLK
005 - Дата и час на последна редакция
Контролно поле 20201007040430.0
008 - Елементи от данни с фиксирана дължина
fixed length control field 180409b bul|||||r ||||||| ||bul||
010 ## - Наследен системен номер
LC control number KNG00133515000
020 ## - Международен стандартен номер на книга ISBN
Международен стандартен номер на книга ISBN 975-95591-1-0
040 ## - Източник на каталожния запис
Идентификатор на билиотеката - собственик на записа BLK
041 ## - Код за език
Код за езика на текст/звукозапис или на отделно заглавие Турски
Код за езика КДБФ Други
072 #7 - Код за тематичната категория
Код организация bullib
Код за тематична категория Н93
Текст Краезнание - отраслова литература Н
080 ## - УДК
Текстов определител УДК Краезнание
УДК код - определител по УДК 908
УДК определител (560-32)(026)
УДК - код + определител 908(560-32)(026)
080 ## - УДК
Текстов определител УДК Паметници на културата на историческите периоди. Археологическите паметници. Старини
УДК код - определител по УДК 904
УДК - код + определител 904
080 ## - УДК
УДК код - определител по УДК 379.84/.85
УДК - код + определител 379.84/.85
100 1# - Редна дума - Автор
Автор Yurttas, Sukri
Авторска отговорност първи автор
R(LIN) 28572
139 ## - Редно поле
Редна дума Yurttas, Sukri
Авторски знак Юрт - Ю 33
Filing suffix Y 95 Sk
Класификационен индекс Ю 33 Ск
245 10 - Сведения за заглавието
Заглавие Kapadokya
Подзаглавни данни Urgup, Goreme, Nevsehir
Редно поле (дума) Sukri Yurttas.
257 ## - Страна на издаване
Страна на създаване/издаване Турция
260 ## - Област на издателските данни
Име на издателя, разпространителя и проч. Recmay
Година на издаване S. a.
300 ## - Физическа характеристика
Страници 80 p.
Илюстрации и др. ill., m.
Размери/Мащаб 23 cm
380 ## - Жанр
Жанр История
650 #4 - Допълнително описание по предмет – тема
Основно описание – тема или топоним Кападокия
9 (RLIN) 320888
650 #4 - Допълнително описание по предмет – тема
Основно описание – тема или топоним Туристически обекти - Турция
9 (RLIN) 320889
650 #4 - Допълнително описание по предмет – тема
Основно описание – тема или топоним Паметници на културата - Турция
9 (RLIN) 320890
651 #4 - Допълнително описание по предмет - топоним
Географско понятие Кападокия
9 (RLIN) 320888
651 #4 - Допълнително описание по предмет - топоним
Географско понятие Юргуп
9 (RLIN) 179834
651 #4 - Допълнително описание по предмет - топоним
Географско понятие Горем
9 (RLIN) 178768
651 #4 - Допълнително описание по предмет - топоним
Географско понятие Невшехир
9 (RLIN) 179259
651 #4 - Допълнително описание по предмет - топоним
Географско понятие Турция
9 (RLIN) 179691
653 ## - Ключова дума – ненормативна
Ключова дума старини
653 ## - Ключова дума – ненормативна
Ключова дума паметници на културата
653 ## - Ключова дума – ненормативна
Ключова дума природни забележителности
653 ## - Ключова дума – ненормативна
Ключова дума туристически забележителности
653 ## - Ключова дума – ненормативна
Ключова дума пътеводители
659 ## - Тематичен бюлетин
Тематичен бюлетин Н
700 ## - Други автори (авторска отговорност)
Лично име Юрташ, Шукру
Автороска отговорност (Описва отношението между автора и произведението) първи автор
9 (RLIN) 1299
852 ## - Местоположение
Форматна сигнатура Цб 256184
856 4# - Електронен адрес и достъп
Електронен формат pdf - файл
856 4# - Електронен адрес и достъп
Електронен формат pdf - файл
999 ## - СИСТЕМНИ КОНТРОЛНИ НОМЕРА
Koha biblionumber 127808
Koha biblioitemnumber 127808
942 ## - АРТИКУЛИ
Вид на библиотечния материал Книги
Скрит в OPAC Не
Периодичен библиозапис Да
944 ## - СЪЗДАВАНЕ И РЕДАКЦИЯ на ЗАПИСА
Създаване/Редакция Създаване
Дата на регистрацията/редакция 10.09.2012
Статус, дата на статуса ф /
Служител, извършил регистрацията/редакцията Людмила_Стоянова
944 ## - СЪЗДАВАНЕ И РЕДАКЦИЯ на ЗАПИСА
Създаване/Редакция Редакция
Дата на регистрацията/редакция 16.09.2013
Статус, дата на статуса ф /
999 ## - СИСТЕМНИ КОНТРОЛНИ НОМЕРА
Koha biblioitemnumber 127808
999 ## - СИСТЕМНИ КОНТРОЛНИ НОМЕРА
Koha biblioitemnumber 127808
Наличности
Код за отписване Код за изгубен артикул Източник на класификационната схема Код за повреда Коз за рестрикции Код за отдаване Артикулен № Име на библиотеката - собственик Име на библиотеката, в която се намира в момента Статус (Текущо местоположение) Дата на вписване в системата Местоположение - отдел Цена в лева Инвентарен номер Систематично азбучна сигнатура Баркод Номер на екземпляра Цена в евро Служебна бележка Служебен тип на артикула
  Не е изгубен Universal Decimal Classification Не е повреден само за читалня ползва се в читалня 207819 Регионална библиотека "Любен Каравелов" Русе Регионална библиотека "Любен Каравелов" Русе Отдел Изкуство - подръчен фонд 2012-09-10 Отдел Изкуство - подръчен фонд 5.00 120000759679 9/Ю 33 Ск 120000759679 1 2.56 Дост: DA Вид: А N: 18 Дата: 03.09.2012 Книги
Vip Innovations Ltd, Rousse, Bulgaria 2025